| 000 | 00414pab a2200157 454500 | ||
|---|---|---|---|
| 008 | 180718b2005 xxu||||| |||| 00| 0 eng d | ||
| 100 | _aVarghese, Adel | ||
| 245 | _aBank-moneylender linkage as an alternative to bank competition in rural credit markets | ||
| 260 | _c2005 | ||
| 300 | _ap.315-35. | ||
| 362 | _aApr | ||
| 650 | _aBanks | ||
| 650 | _aCredit | ||
| 773 | _aOxford Economic Papers | ||
| 909 | _a66689 | ||
| 999 |
_c66689 _d66689 |
||